Thắng lợi của cách mạng tháng Tám sự kiểm nghiệm giá trị lý luận cách mạng giải phóng dân tộc của Đảng cộng sản Việt Nam /

Đã lưu trong:
Bibliografiske detaljer
Hovedforfatter: Trịnh Như
Format: Bài viết
Sprog:Vietnamese
Fag:
Tags: Tilføj Tag
Ingen Tags, Vær først til at tagge denne postø!
Thư viện lưu trữ: Thư viện Trường Đại học Đà Lạt
LEADER 00888nam a2200289 4500
001 DLU060051969
040 # # |a DLU  |b vie 
041 # # |a vie 
044 # # |a vn 
100 # # |a Trịnh Như 
245 # # |a Thắng lợi của cách mạng tháng Tám sự kiểm nghiệm giá trị lý luận cách mạng giải phóng dân tộc của Đảng cộng sản Việt Nam /  |c Trịnh Như 
653 # # |a Đảng cộng sản 
653 # # |a Cách mạng tháng Tám 
653 # # |a Lý luận 
653 # # |a Thắng lợi 
773 # # |t Lịch sử Đảng  |g Số 8, 2005, tr.8-13 
920 # # |a Phòng Tạp chí -- Trung tâm Thông tin - Thư viện Trường Đại học Đà Lạt 
933 # # |a CT, TN 
994 # # |a DLU 
900 # # |a True 
911 # # |a Nguyễn Thị Yên 
925 # # |a G 
926 # # |a A 
927 # # |a BB 
980 # # |a Thư viện Trường Đại học Đà Lạt